Every Song by Goo Goo Dolls - Statistics

General Stats
  • This quiz has been taken 36 times
    22 since last reset
  • The average score is 23 of 163
Answer Stats
Album Song % Correct
Dizzy Up the Girl(1998) Iris
94%
A Boy Named Goo(1995) Name
76%
Dizzy Up the Girl(1998) Slide
76%
Dizzy Up the Girl(1998) Dizzy
71%
Dizzy Up the Girl(1998) Black Balloon
65%
Let Love In(2006) Let Love In
65%
Dizzy Up the Girl(1998) Broadway
53%
Dizzy Up the Girl(1998) Acoustic #3
47%
Gutterflower(2002) Here is Gone
47%
Miracle Pill(2019) Miracle Pill
47%
Not Goodbye (Close My Eyes)(2025) Not Goodbye (Close My Eyes)
47%
Let Love In(2006) Better Days
41%
Boxes(2016) Boxes
41%
Chaos in Bloom(2022) Superstar
41%
A Boy Named Goo(1995) Naked
41%
Gutterflower(2002) Sympathy
41%
Dizzy Up the Girl(1998) All Eyes on Me
35%
Dizzy Up the Girl(1998) Amigone
35%
Dizzy Up the Girl(1998) January Friend
35%
Not Goodbye (Close My Eyes)(2025) Nothing Lasts Forever
35%
Something for the Rest of Us(2010) Something for the Rest of Us
35%
Let Love In(2006) Become
29%
Dizzy Up the Girl(1998) Bullet Proof
29%
Let Love In(2006) Can't Let It Go
29%
Magnetic(2013) Come to Me
29%
Let Love In(2006) Feel the Silence
29%
A Boy Named Goo(1995) Flat Top
29%
Magnetic(2013) Slow it Down
29%
Let Love In(2006) Stay with You
29%
Let Love In(2006) Without You Here
29%
Gutterflower(2002) Big Machine
24%
Dizzy Up the Girl(1998) Hate This Place
24%
Something for the Rest of Us(2010) Notbroken
24%
Magnetic(2013) Rebel Beat
24%
Hold Me Up(1990) There You Are
24%
Hold Me Up(1990) Two Days in February
24%
Let Love In(2006) We'll Be Here (When You're Gone)
24%
Something for the Rest of Us(2010) As I Am
18%
Greatest Hits Volume One: The Singles(2007) Before It's Too Late
18%
Magnetic(2013) Caught in the Storm
18%
Superstar Car Wash(1993) Cuz You're Gone
18%
Superstar Car Wash(1993) Fallin' Down
18%
Something for the Rest of Us(2010) Home
18%
Gutterflower(2002) It's Over
18%
Jed(1989) James Dean
18%
A Boy Named Goo(1995) Long Way Down
18%
Miracle Pill(2019) Money, Fame & Fortune
18%
Something for the Rest of Us(2010) One Night
18%
Boxes(2016) So Alive
18%
Something for the Rest of Us(2010) Soldier
18%
Something for the Rest of Us(2010) Sweetest Lie
18%
Gutterflower(2002) Think About Me
18%
Chaos in Bloom(2022) War
18%
Superstar Car Wash(1993) We are the Normal
18%
Gutterflower(2002) What a Scene
18%
Miracle Pill(2019) Autumn Leaves
12%
Magnetic(2013) Bringing on the Light
12%
Magnetic(2013) Bulletproofangel
12%
Superstar Car Wash(1993) Domino
12%
Dizzy Up the Girl(1998) Extra Pale
12%
A Boy Named Goo(1995) Eyes Wide Open
12%
Boxes(2016) Free of Me
12%
Dizzy Up the Girl(1998) Full Forever
12%
Superstar Car Wash(1993) Girl Right Next to Me
12%
Hold Me Up(1990) Hey
12%
Something for the Rest of Us(2010) Hey Ya
12%
Miracle Pill(2019) Indestructible
12%
Magnetic(2013) Keep the Car Running
12%
Magnetic(2013) Last Hot Night
12%
Vol.2(2008) Lazy Eye
12%
Miracle Pill(2019) Lights
12%
Miracle Pill(2019) Lost
12%
Something for the Rest of Us(2010) Nothing is Real
12%
Superstar Car Wash(1993) On the Lie
12%
Boxes(2016) Over and Over
12%
Boxes(2016) Reverse
12%
Jed(1989) Sex Maggot
12%
Gutterflower(2002) Smash
12%
Boxes(2016) Souls in the Machine
12%
Something for the Rest of Us(2010) Still Your Song
12%
Boxes(2016) The Pin
12%
Gutterflower(2002) Truth is a Whisper
12%
Boxes(Bonus)(2016) Walk Away
12%
Gutterflower(2002) What Do You Need?
12%
Chaos in Bloom(2022) Yeah, I Like You
12%
Hold Me Up(1990) 22 Seconds
6%
Goo Goo Dolls(1987) Beat Me
6%
A Boy Named Goo(1995) Burnin' Up
6%
Superstar Car Wash(1993) Close Your Eyes
6%
Chaos in Bloom(2022) Day After Day
6%
A Boy Named Goo(1995) Disconnected
6%
Jed(1989) Em Elbmuh
6%
Miracle Pill(2019) Fearless
6%
Boxes(2016) Flood
6%
Chaos in Bloom(2022) Going Crazy
6%
Goo Goo Dolls(1987) Hammerin' Eggs (The Metal Song)
6%
Rarities(2021) Hit or Miss
6%
Vol.2(2008) I'm Awake Now
6%
Hold Me Up(1990) Kevin's Song
6%
Chaos in Bloom(2022) Let the Sun
6%
Let Love In(2006) Listen
6%
Superstar Car Wash(1993) Lucky Star
6%
A Boy Named Goo(1995) Only One
6%
Miracle Pill(2019) Over You
6%
Chaos in Bloom(2022) Save Me from Myself
6%
Goo Goo Dolls(1987) Slaughterhouse
6%
Superstar Car Wash(1993) So Far Away
6%
Superstar Car Wash(1993) Stop the World
6%
Let Love In(2006) Strange Love
6%
Superstar Car Wash(1993) String of Lies
6%
Miracle Pill(2019) Think It Over
6%
Gutterflower(2002) Up, Up, Up
6%
Magnetic(2013) When the World Breaks Your Heart
6%
Chaos in Bloom(2022) You Are the Answer
6%
Jed(1989) 7th of Last Month (Or Iggy the Cat Gets a Bath)
0%
A Boy Named Goo(1995) Ain't That Usual
0%
Superstar Car Wash(1993) Already There
0%
Superstar Car Wash(1993) Another Second Time Around
0%
Jed(1989) Artie
0%
Goo Goo Dolls(1987) Come On
0%
Goo Goo Dolls(1987) Different Light
0%
Goo Goo Dolls(1987) Don't Beat My Ass (With a Baseball Bat)
0%
Bang!(1997) Don't Change
0%
Superstar Car Wash(1993) Don't Worry
0%
Jed(1989) Had Enough
0%
Magnetic(2013) Happiest of Days
0%
Goo Goo Dolls(1987) Hardsores
0%
Goo Goo Dolls(1987) I'm Addicted
0%
A Boy Named Goo(1995) Impersonality
0%
Hold Me Up(1990) Just the Way You Are
0%
Hold Me Up(1990) Know My Name
0%
Hold Me Up(1990) Laughing
0%
Miracle Pill(2019) Life's a Message
0%
Goo Goo Dolls(1987) Livin' in a Hut
0%
Boxes(2016) Long Way Home
0%
Jed(1989) Love Dolls
0%
Chaos in Bloom(2022) Loving Life
0%
Boxes(2016) Lucky One
0%
Goo Goo Dolls(1987) Messed Up
0%
Jed(1989) Misfortune
0%
Magnetic(2013) More of You
0%
Rarities(2021) Nothing Can Change You
0%
Jed(1989) No Way Out
0%
Something for the Rest of Us(2010) Now I Hear
0%
It's Christmas All Over(Bonus)(2020) One Last Song About Christmas
0%
Hold Me Up(1990) On Your Side
0%
Jed(1989) Out of Sight
0%
Hold Me Up(1990) Out of the Red
0%
Chaos in Bloom(2022) Past Mistakes
0%
Boxes(2016) Prayer in My Pocket
0%
Jed(1989) Road to Salinas
0%
Something for the Rest of Us(2010) Say You're Free
0%
Goo Goo Dolls(1987) Scream
0%
A Boy Named Goo(1995) So Long
0%
A Boy Named Goo(1995) Somethin' Bad
0%
Hold Me Up(1990) So Outta Line
0%
Miracle Pill(2019) Step in Line
0%
Goo Goo Dolls(1987) Torn Apart
0%
Gutterflower(2002) Tucked Away
0%
Jed(1989) Up Yours
0%
It's Christmas All Over(2020) You Ain't Getting Nothin'
0%
Hold Me Up(1990) You Know What I Mean
0%
Gutterflower(2002) You Never Know
0%
No matching quizzes found
Score Distribution
Percent of People with Each Score
Percentile by Number Answered
Your Score History
You have not taken this quiz since the last reset